Statistiques concernant Lyon

Cliquez ici pour prendre le quiz!

Statistiques générales

  • Ce quiz a été pris 114 fois
  • Le résultat moyen est 9 sur 15

Statistiques - réponses

HintRéponse% Correct
Nombre de lignes de métro4
97%
Nombre d'arrondissements9
95%
Nombre de quartiers du vieux Lyon3
85%
Nom du quartier d'affairesPart-Dieu
83%
Deuxième gare la plus importante de la ville.Perrache
83%
Nom romain de la villeLugdunum
79%
Nom du réseau de vélos partagésVelo'v
72%
Arrondissement de la tête d'or6e
59%
Arrondissement du quartier du plateau de la Croix-Rousse4e
58%
Nom donné aux anciens ouvriers de la soieCanuts
54%
Principale rue piétonneRue de la République
49%
Maire célèbre de la ville de 1957 à 1976Louis Pradel
16%
Appellation lyonnaise de la place Gabriel PériPlace du pont
16%
Haussmann Lyonnais.Claude-Marius Vaïsse
5%
Plus longue voie de la ville.Cours Jean Jaurès
0%

Distribution des résultats

Percentile par nombre de réponses

% des personnes avec chaque résultat

Votre développement - résultats

Vous n’avez pas pris ce quiz